000 00636pab a2200205 454500
008 180718b2010 xxu||||| |||| 00| 0 eng d
100 _aSiddiqui, Farasat Ali
245 _aGender, religion and educational attainment: a micro level analysis of Malda district, West Bengal
260 _c2010
300 _ap.33-52.
362 _aJun
650 _aReligion - India - West Bengal
650 _aWomens education - India - West Bengal
650 _aEducational attendance - India - West Bengal
650 _aEducational attendance
700 _aHussain, Nazmul
773 _aMan and Development
908 _aN
909 _a87207
999 _c87207
_d87207